000 00462nam a2200181Ia 4500
003 OSt
005 20230531112821.0
008 210423s1998 xx 000 0 und d
040 _cAL
041 _aeng
082 _a658 DIWM
_223
100 _aDIWAN (Parag).
_9117713
245 _aManagement principles and practices.
260 _aNew Delhi
_bExcel Books
_c1998
365 _b175
_cINR
906 _aManagement ; practices. ; principles
942 _2ddc
_cBK
999 _c173690
_d173690